000
00426nam a2200157Ia 4500
008
100122s9999 xx 000 0 und d
082
_b
74950
_a
81
100
_a
घारे दीपक
245
_a
विचारक्षितिजे
250
_a
1
260
_c
2008
300
_a
160
630
_a
विचारक्षितिजे
730
_a
विचारक्षितिजे
942
_c
BOOK
999
_c
390974
_d
390971